000 00360nam a2200157Ia 4500
100 _aBeachau/A & Cunningham
650 _aEconomics
250 _aV
942 _cBK
654 _aIndustrial Organisation
245 _aEconomics of Industrial Organisation
260 _bPitman &sons
_aLondon
_c1970
082 _a338.6
300 _a300
546 _aENGLISH
999 _c25931
_d25931